000 00840cam a2200253 i 4500
001 2297589
003 ARRUPE
005 20130926172038.0
008 800116s1980 pau b 001 0 eng
010 _a 80000231
020 _a0664243096
040 _aDLC
_cDLC
_dDLC
050 0 0 _aBT481
_b.J32 1980
100 1 _aJansen, John Frederick.
_91523
245 1 4 _aThe resurrection of Jesus Christ in New Testament theology /
_cJohn Frederick Jansen.
250 _a1st ed.
260 _aPhiladelphia :
_bWestminster Press,
_cc1980.
300 _a187 p. ;
_c21 cm.
504 _aIncludes bibliographical references and indexes.
600 0 0 _aJesus Christ
_xResurrection.
_91524
630 0 0 _aBible.
_pNew Testament
_xCriticism, interpretation, etc.
_91525
906 _a7
_bcbc
_corignew
_d1
_eocip
_f19
_gy-gencatlg
942 _2lcc
_cMONOGRAPH
999 _c118108
_d118108